[Event "Cutro op-B 13th"]
[Site "Cutro"]
[Date "2007.05.01"]
[Round "5"]
[White "Di Mauro, Sebastiano"]
[Black "Frontera, Giuseppe"]
[Result "1-0"]
[WhiteElo "1813"]
[BlackElo "1877"]
[PlyCount "57"]
[EventDate "2007.04.23"]
[EventType "swiss"]
[EventRounds "9"]
[EventCountry "ITA"]
[SourceTitle "EXT 2008"]
[Source "ChessBase"]
[SourceDate "2007.11.25"]
[SourceVersion "1"]
[SourceVersionDate "2007.11.25"]
[SourceQuality "1"]

1. e4 c5 2. Nf3 d6 3. d4 cxd4 4. Nxd4 Nf6 5. Nc3 a6 6. Bg5 e6 7. f4 Be7 8. Qf3 Qc7 9. 0-0-0 0-0 10. g4 b5 11. Bxf6 Bxf6 12. g5 Bxd4 13. Rxd4 Bb7 14. a3 Nc6 15. Rd2 b4 16. axb4 Nxb4 17. Bd3 Qa5 18. Rdd1 Rac8 19. Kd2 Nxd3 20. Qxd3 d5 21. exd5 exd5 22. Ra1 Qc7 23. Rhf1 Rfe8 24. Qd4 Qd7 25. Rae1 Rxe1 26. Rxe1 g6 27. Ne4 Rc4 28. Nf6+ Kh8 29. Qxc4 1-0

[Event "Cutro op-B 13th"]
[Site "Cutro"]
[Date "2007.04.25"]
[Round "3"]
[White "Frontera, Giuseppe"]
[Black "Rizzuti, Pasquale"]
[Result "0-1"]
[WhiteElo "1877"]
[BlackElo "1835"]
[PlyCount "78"]
[EventDate "2007.04.23"]
[EventType "swiss"]
[EventRounds "9"]
[EventCountry "ITA"]
[SourceTitle "EXT 2008"]
[Source "ChessBase"]
[SourceDate "2007.11.25"]
[SourceVersion "1"]
[SourceVersionDate "2007.11.25"]
[SourceQuality "1"]

1. e4 Nf6 2. Nc3 d5 3. e5 Nfd7 4. d4 e6 5. Nf3 c5 6. Be3 Nc6 7. dxc5 Ndxe5 8. Nxe5 Nxe5 9. Qd4 Nc6 10. Bb5 Bd7 11. Bxc6 Bxc6 12. b4 b6 13. cxb6 axb6 14. 0-0 b5 15. Ne2 Qd6 16. c3 e5 17. Qg4 Qg6 18. Qxg6 hxg6 19. Nc1 Bd6 20. h3 f5 21. f4 e4 22. Nb3 Rh4 23. Nd4 Bd7 24. Ne2 Ra3 25. Rfc1 Rh8 26. Rc2 Bxb4 27. Bc1 Bc5+ 28. Kh2 Ra4 29. Rd2 Be6 30. Rb1 b4 31. Rdb2 Kd7 32. cxb4 Bb6 33. Nc3 Raa8 34. Bd2 d4 35. Nd1 Bxa2 36. Rc1 Rhc8 37. Rxc8 Kxc8 38. Rc2+ Kd7 39. Nb2 Bb3 0-1

[Event "Cutro op-B 12th"]
[Site "Cutro"]
[Date "2006.04.23"]
[Round "1"]
[White "Levato, Biagio"]
[Black "Frontera, Giuseppe"]
[Result "0-1"]
[WhiteElo "1510"]
[BlackElo "1883"]
[PlyCount "58"]
[EventDate "2006.04.23"]
[EventType "swiss"]
[EventRounds "9"]
[EventCountry "ITA"]
[SourceTitle "EXT 2007"]
[Source "ChessBase"]
[SourceDate "2006.11.23"]
[SourceVersion "1"]
[SourceVersionDate "2006.11.23"]
[SourceQuality "1"]

1. Nf3 Nf6 2. d3 d5 3. g3 Nc6 4. Bg2 e5 5. Nbd2 Bd6 6. 0-0 0-0 7. c3 h6 8. e4 Be6 9. Re1 dxe4 10. dxe4 Qd7 11. b3 Rad8 12. Bb2 Qc8 13. Qc2 Rfe8 14. Nf1 Bc5 15. b4 Bb6 16. a4 Ng4 17. Ne3 Bxe3 18. fxe3 Bc4 19. Bf1 Qe6 20. Rad1 Bb3 21. Qc1 Bxd1 22. Rxd1 Rxd1 23. Qxd1 Nxe3 24. Qe2 Nxf1 25. Qxf1 Qb3 26. Qa1 Rd8 27. Kg2 Qc2+ 28. Kh3 Rd1 29. Ne1 Qe2 0-1

[Event "Cutro weekend op 3rd"]
[Site "Cutro"]
[Date "2005.06.26"]
[Round "5"]
[White "Scalise, Sandro"]
[Black "Frontera, Giuseppe"]
[Result "0-1"]
[WhiteElo "1595"]
[BlackElo "1826"]
[PlyCount "119"]
[EventDate "2005.06.18"]
[EventType "swiss"]
[EventRounds "6"]
[EventCountry "ITA"]
[SourceTitle "EXT 2007"]
[Source "ChessBase"]
[SourceDate "2006.11.23"]
[SourceVersion "1"]
[SourceVersionDate "2006.11.23"]
[SourceQuality "1"]

1. d4 Nf6 2. Nf3 e6 3. Bf4 b6 4. e3 Bb7 5. Nbd2 Be7 6. Bd3 0-0 7. h3 d6 8. c3 Nbd7 9. Qc2 Re8 10. 0-0 Nf8 11. Rfd1 N6d7 12. e4 c5 13. e5 d5 14. dxc5 bxc5 15. Bb5 a6 16. Ba4 Qc7 17. Bxd7 Nxd7 18. Re1 Qc6 19. Rad1 Rad8 20. Bg3 Nb6 21. h4 Rd7 22. b3 h6 23. Qd3 Red8 24. Qf1 a5 25. c4 Ba6 26. cxd5 Nxd5 27. Nc4 Qa8 28. Qd3 Bxc4 29. bxc4 Nb6 30. Qc2 Rxd1 31. Rxd1 Rxd1+ 32. Qxd1 Nxc4 33. Qd7 Bf8 34. Bf4 Nb6 35. Qb5 Nd5 36. Bd2 a4 37. Ba5 a3 38. Nd2 Nb4 39. Nc4 Nc6 40. Bb6 Nd4 41. Qa5 Qxa5 42. Nxa5 Nb5 43. Nc4 Be7 44. Kf1 Bxh4 45. Bxc5 Nc3 46. Bxa3 Nxa2 47. Bd6 Nc3 48. Ne3 Ne4 49. g3 Nxd6 50. exd6 Bd8 51. Ke2 Kf8 52. Kd3 Ke8 53. Nc4 f6 54. f3 Kd7 55. Kd4 Kc6 56. f4 h5 57. Ke4 Kc5 58. Kd3 g6 59. Kc3 Kd5 60. Kd3 0-1

[Event "Cutro weekend op 3rd"]
[Site "Cutro"]
[Date "2005.06.19"]
[Round "2"]
[White "Frontera, Giuseppe"]
[Black "Amodei, Diego"]
[Result "1-0"]
[WhiteElo "1826"]
[BlackElo "1634"]
[PlyCount "51"]
[EventDate "2005.06.18"]
[EventType "swiss"]
[EventRounds "6"]
[EventCountry "ITA"]
[SourceTitle "EXT 2007"]
[Source "ChessBase"]
[SourceDate "2006.11.23"]
[SourceVersion "1"]
[SourceVersionDate "2006.11.23"]
[SourceQuality "1"]

1. e4 c5 2. Nf3 d6 3. d4 cxd4 4. Nxd4 Nf6 5. Nc3 e6 6. Be3 Be7 7. f3 0-0 8. Qd2 a6 9. g4 Nbd7 10. h4 Ne5 11. 0-0-0 Qc7 12. h5 Kh8 13. g5 Ng8 14. Qg2 Bd8 15. f4 Nc4 16. Bxc4 Qxc4 17. f5 f6 18. h6 Qc7 19. g6 Nxh6 20. Bxh6 gxh6 21. Rxh6 Rg8 22. Rdh1 Rg7 23. Rxh7+ Rxh7 24. Rxh7+ Kg8 25. Rxc7 Bxc7 26. Qh3 1-0

[Event "Cutro op-B 11th"]
[Site "Cutro"]
[Date "2005.04.26"]
[Round "3"]
[White "Frontera, Giuseppe"]
[Black "Rotunno, Giuseppe"]
[Result "1-0"]
[WhiteElo "1826"]
[BlackElo "1961"]
[PlyCount "71"]
[EventDate "2005.04.23"]
[EventType "swiss"]
[EventRounds "5"]
[EventCountry "ITA"]
[SourceTitle "CBM 106 Extra"]
[Source "ChessBase"]
[SourceDate "2005.07.01"]
[SourceVersion "1"]
[SourceVersionDate "2005.07.01"]
[SourceQuality "1"]

1. e4 c5 2. Nf3 e6 3. d4 cxd4 4. Nxd4 Nf6 5. Nc3 d6 6. Be3 a6 7. f3 Be7 8. Qd2 b5 9. g4 Bb7 10. 0-0-0 Nfd7 11. g5 Ne5 12. Rg1 b4 13. Nb1 d5 14. f4 Nc4 15. Bxc4 dxc4 16. Qe2 Qc7 17. g6 hxg6 18. Rxg6 fxg6 19. Nxe6 Qc6 20. Nxg7+ Kf7 21. Bd4 Bf6 22. Bxf6 Qxf6 23. Qxc4+ Kxg7 24. Qc7+ Qf7 25. Qe5+ Kh7 26. Rd3 Bc8 27. f5 Bxf5 28. exf5 Qxf5 29. Qe7+ Kh6 30. Qh4+ Qh5 31. Qf4+ g5 32. Rd6+ Kh7 33. Qf5+ Kg7 34. Qf6+ Kg8 35. Rd8+ Kh7 36. Rxh8# 1-0

[Event "Cutro op-B 10th"]
[Site "Cutro"]
[Date "2004.04.30"]
[Round "6"]
[White "Rotunno, Giuseppe"]
[Black "Frontera, Giuseppe"]
[Result "1-0"]
[WhiteElo "1946"]
[BlackElo "1835"]
[PlyCount "87"]
[EventDate "2004.04.25"]
[EventType "swiss"]
[EventRounds "7"]
[EventCountry "ITA"]
[SourceTitle "EXT 2023"]
[Source "ChessBase"]
[SourceDate "2022.10.05"]
[SourceVersion "1"]
[SourceVersionDate "2022.10.05"]
[SourceQuality "1"]

1. d4 Nf6 2. c4 e6 3. Nf3 b6 4. Bg5 Be7 5. Nc3 Bb7 6. e3 0-0 7. Bd3 d6 8. 0-0 Nbd7 9. e4 c5 10. d5 e5 11. Nh4 Ne8 12. Bxe7 Qxe7 13. Nf5 Qf6 14. Re1 g6 15. Qg4 Rd8 16. Re3 Nc7 17. Rh3 Kh8 18. Nh6 Bc8 19. Rf3 Qg7 20. Qh4 g5 21. Qh3 Nf6 22. g4 Bd7 23. Nf5 Bxf5 24. Rxf5 Qg6 25. Qf3 Nce8 26. Kg2 h5 27. h3 Kg7 28. Qe3 Nh7 29. gxh5 Qxh5 30. Rg1 Kh8 31. Kf1 f6 32. Be2 Qh6 33. Rf3 Ng7 34. h4 Nh5 35. Rh3 Nf4 36. Rhh1 Qg7 37. Bg4 Qe7 38. Bf5 Rf7 39. Ne2 Kg7 40. Bxh7 Kf8 41. Bf5 Rg7 42. hxg5 fxg5 43. Nxf4 gxf4 44. Qc3 1-0

[Event "Cutro op-B 08th"]
[Site "Cutro"]
[Date "2002.04.27"]
[Round "4"]
[White "Parrotta, Daniele"]
[Black "Frontera, Giuseppe"]
[Result "1-0"]
[WhiteElo "1723"]
[BlackElo "1768"]
[PlyCount "63"]
[EventDate "2002.04.24"]
[EventType "swiss"]
[EventRounds "9"]
[EventCountry "ITA"]
[SourceTitle "EXT 2024"]
[Source "ChessBase"]
[SourceDate "2023.10.10"]
[SourceVersion "1"]
[SourceVersionDate "2023.10.10"]
[SourceQuality "1"]

1. e4 c5 2. c3 d6 3. d4 Nf6 4. Bd3 Nc6 5. d5 Ne5 6. Bc2 g6 7. f4 Bg4 8. Ne2 Nc4 9. h3 Bxe2 10. Qxe2 Nb6 11. 0-0 Bg7 12. Be3 Qc7 13. Nd2 0-0 14. g4 Kh8 15. f5 Nfd7 16. g5 gxf5 17. exf5 Nxd5 18. f6 exf6 19. Qh5 f5 20. Bxf5 h6 21. gxh6 Be5 22. Rae1 Rg8+ 23. Kh1 N7f6 24. Qe2 Rg3 25. Rf3 Rag8 26. Rxg3 Rxg3 27. Nf1 Nxe3 28. Nxg3 Qc6+ 29. Kg1 Bxg3 30. Qxe3 Bxe1 31. Qg5 Ne8 32. Qe7 1-0

[Event "Cutro op-B 08th"]
[Site "Cutro"]
[Date "2002.04.26"]
[Round "3"]
[White "Frontera, Giuseppe"]
[Black "Paragliola, Gennaro"]
[Result "1-0"]
[WhiteElo "1768"]
[BlackElo "1495"]
[PlyCount "79"]
[EventDate "2002.04.24"]
[EventType "swiss"]
[EventRounds "9"]
[EventCountry "ITA"]
[SourceTitle "EXT 2024"]
[Source "ChessBase"]
[SourceDate "2023.10.10"]
[SourceVersion "1"]
[SourceVersionDate "2023.10.10"]
[SourceQuality "1"]

1. e4 d6 2. d4 Nf6 3. Nc3 g6 4. Nf3 Bg7 5. h3 0-0 6. Be3 e5 7. Qd2 exd4 8. Nxd4 Re8 9. Bd3 c5 10. Nde2 Nc6 11. Ng3 Nd4 12. 0-0 b6 13. Rfe1 d5 14. exd5 Nxd5 15. Nxd5 Qxd5 16. c3 Nc6 17. Qc2 Bb7 18. Be4 Qd7 19. Rad1 Qc7 20. Re2 Rad8 21. Red2 Rxd2 22. Rxd2 Be5 23. Nf1 Bd6 24. Bf3 Bc8 25. Qd1 Be5 26. Qa4 Bb7 27. Bg5 Bd6 28. Qd1 Bf4 29. Rd7 Qe5 30. Bxf4 Qxf4 31. Rxb7 Rd8 32. Rd7 Rxd7 33. Qxd7 Ne5 34. Qd5 g5 35. Qe4 Qf6 36. Ng3 Qe6 37. Qa8+ Kg7 38. Nh5+ Kg6 39. Qg8+ Kf5 40. g4+ 1-0